Personálna administratíva v podnikovom manažmente

Podmienky vzniku personálnej administratívy v podnikovom manažmente. Medziľudské vzťahy ako koncepčný prvok v personálnom riadení.

Guardado en:
Detalles Bibliográficos
Autor principal: Krajňáková, Emília
Otros Autores: Vojtovič, Sergej
Formato: Capítulo de libro
Lenguaje:eslovaco
Materias:
Etiquetas: Agregar Etiqueta
Sin Etiquetas, Sea el primero en etiquetar este registro!

MARC

LEADER 00000naa$a2200000$$$4500
001 0077107
005 20231107074929.9
041 0 |a slo 
044 |a SK 
245 1 0 |a Personálna administratíva v podnikovom manažmente  |c Emília Krajňáková, Sergej Vojtovič 
520 |a Podmienky vzniku personálnej administratívy v podnikovom manažmente. Medziľudské vzťahy ako koncepčný prvok v personálnom riadení. 
610 2 0 |a manažment personálny 
610 2 0 |a podmienky pracovné 
610 2 0 |a riadenie personálne 
610 2 0 |a administratíva 
610 2 0 |a história 
610 2 0 |a evidencia 
100 1 |a Krajňáková, Emília 
700 1 |a Vojtovič, Sergej